00611nam a22002057a 450000500170000001000130001702000100003003500130004003700160005304000120006908200160008110000270009724500880012426000420021227000430025430000300029750000480032765000170037565000130039220170124105936.0 aA-465532 c35.00 aA-465532 bCen Lib/Ret aDPLbEN a230.46bGHO aGhosh, Ardhendu Sekhar aSymbolism and spiritual wisdom : cby Ardhendu Sekhar GhoshbIndia's life-breath / aBombay bBharatiya Vidya Bhavanc1990 aKulapati Munshi MargbBombay e400007 axv,202p. :c23cm(Hb)bill aIncludes bibliographic references and index aSpirituality aReligion